ბათუმის შოთა რუსთაველის სახელმწიფო უნივერსიტეტის ბიბლიოთეკა

Банковское право : (ბიბ.ჩანაწერი № 35978)

000 -LEADER
fixed length control field 00911nam a2200253Ia 4500
001 - CONTROL NUMBER
control field 1877
003 - CONTROL NUMBER IDENTIFIER
control field GE_BSU
005 - DATE AND TIME OF LATEST TRANSACTION
control field 20221007121120.0
008 - FIXED-LENGTH DATA ELEMENTS--GENERAL INFORMATION
fixed length control field 181216s2007ru xx |||||||||||||| ||rus||
020 ## - INTERNATIONAL STANDARD BOOK NUMBER
International Standard Book Number 97859508922
040 ## - CATALOGING SOURCE
Transcribing agency GE_BSU
080 ## - UNIVERSAL DECIMAL CLASSIFICATION NUMBER
Universal Decimal Classification number 347.73(075.8) А-47
100 ## - MAIN ENTRY--PERSONAL NAME
Personal name Алексеева, Д.Г.
9 (RLIN) 15139
245 ## - TITLE STATEMENT
Title Банковское право :
Remainder of title Учебное пособие для студ. вузов /
Statement of responsibility, etc. Д.Г. Алексеева, С.В. Пыхтин, Е.Г. Хоменко.
250 ## - EDITION STATEMENT
Edition statement 3-е изд. перер. и доп.
264 ## - PRODUCTION, PUBLICATION, DISTRIBUTION, MANUFACTURE, AND COPYRIGHT NOTICE
Place of production, publication, distribution, manufacture Москва :
Name of producer, publisher, distributor, manufacturer Юристь,
Date of production, publication, distribution, manufacture, or copyright notice 2007.
300 ## - PHYSICAL DESCRIPTION
Extent 591 с. :
Other physical details 21 см.
653 ## - INDEX TERM--UNCONTROLLED
keyword Банковское право.
653 ## - INDEX TERM--UNCONTROLLED
keyword საბანკო სამართალი
653 ## - INDEX TERM--UNCONTROLLED
keyword სამართალი
700 ## - ADDED ENTRY--PERSONAL NAME
Personal name Пыхтин, С.В.
9 (RLIN) 15140
700 ## - ADDED ENTRY--PERSONAL NAME
Personal name Хоменко, Е.Г.
9 (RLIN) 15141
942 ## - ADDED ENTRY ELEMENTS (KOHA)
Koha item type წიგნი
Source of classification or shelving scheme
ეგზემპლარები
Withdrawn status Lost status Source of classification or shelving scheme Damaged status Not for loan Permanent Location Current Location Shelving location Date acquired Cost, normal purchase price Full call number Barcode Date last seen Copy number Price effective from Koha item type Public note
          ბათუმის შოთა რუსთაველის სახელმწიფო უნივერსიტეტის მთავარი ბიბლიოთეკა ბათუმის შოთა რუსთაველის სახელმწიფო უნივერსიტეტის მთავარი ბიბლიოთეკა წიგნსაცავი 2018-12-17 25.00 347.73(075.8) А-47 3890 2018-12-17 3890 2018-12-17 წიგნი 25.00